| 000 | 00855nam a22002897a 4500 | ||
|---|---|---|---|
| 003 | CHAP | ||
| 005 | 20220329140542.0 | ||
| 008 | 971013s1944 r 00010 d | ||
| 010 | _a53784 | ||
| 011 | _a54756 | ||
| 035 | _a58907 | ||
| 040 | _cCHAP | ||
| 082 |
_a630.942 _bW45 |
||
| 100 | 0 | 0 |
_aWhitlock, Ralph. _9121751 |
| 245 | _aRound roundabarrow farm | ||
| 260 |
_aLondon : _bH. Jenkins, _c1944 |
||
| 300 |
_a318 p. _b: ilus. |
||
| 590 |
_aBATCH-UPD _b10 _c20130110 _lUCH01 _h0036 |
||
| 590 |
_aBATCH-UPD _b10 _c20130110 _lUCH01 _h0722 |
||
| 590 |
_aBATCH-UPD _b10 _c20130409 _lUCH01 _h2020 |
||
| 590 |
_aBATCH-UPD _b10 _c20130913 _lUCH01 _h2130 |
||
| 590 |
_aCONVERSION _b10 _c20130109 _lUCH01 _h1329 |
||
| 650 | 1 | 4 |
_aAgricultura _zGran BretaƱa. _91926 |
| 901 | _aBK | ||
| 942 | _cLIBRO | ||
| 949 |
_a630.942 W45 _bBC _cBPA _d-127611 _eBPA _h20363 _i58907 _mD _si |
||
| 999 |
_c53784 _d53784 |
||